Stolice województw z lat 1975-1998 z mapą - Statystyki

Ogólne statystyki
  • Ten quiz został rozwiązany 8 472 razy
  • Średni wynik to 40 z 49
Odpowiedzi na mapie
Odpowiedzi zakodowano w zielono-czerwonej skali na mapie do tego quizu, zgodnie z poniższymi procentami.
 
Statystyki odpowiedzi
Stolica % Poprawnych
Gdańsk
97%
Szczecin
96%
Warszawa
95%
Białystok
93%
Kraków
93%
Łódź
92%
Wrocław
92%
Zielona Góra
92%
Olsztyn
91%
Poznań
91%
Bydgoszcz
90%
Katowice
90%
Suwałki
90%
Toruń
90%
Gorzów Wielkopolski
89%
Koszalin
89%
Opole
89%
Elbląg
88%
Lublin
87%
Rzeszów
85%
Kielce
84%
Słupsk
83%
Częstochowa
81%
Jelenia Góra
81%
Radom
80%
Bielsko-Biała
79%
Piła
79%
Łomża
78%
Wałbrzych
78%
Zamość
78%
Legnica
77%
Płock
77%
Tarnów
77%
Biała Podlaska
76%
Chełm
76%
Nowy Sącz
76%
Przemyśl
76%
Konin
75%
Kalisz
73%
Krosno
73%
Piotrków Trybunalski
73%
Włocławek
73%
Ostrołęka
71%
Siedlce
71%
Leszno
70%
Skierniewice
69%
Tarnobrzeg
69%
Ciechanów
67%
Sieradz
64%
Nie znaleziono quizów pasujących do podanych kryteriów
Rozkład punktacji
Procent ludzi z każdym wynikiem
Percentyl według liczby udzielonych odpowiedzi
Twoja historia wyników
Nie rozwiązałeś tego quizu